000 00939nam a2200169 i 4500
001 68989
003 ES-MaACL
005 20230906170416.0
007 t|
008 040824s19771978sp ||||1| spa d
110 2 _aInstituto Nacional de Estadística (España)
_95162
245 1 0 _aCaracterísticas de la población española deducidas del padrón municipal de habitantes... el 31 de diciembre de 1975 /
_cInstituto Nacional de Estadística.
260 _aMadrid :
_bMinisterio de Economía, Instituto Nacional de Estadística,
_c[1977-1978]
300 _a2 tom. en 10 v. ;
_c29 cm.
505 8 _aContiene: T. I: I. Galicia-Asturias -- II. Vascongadas y Navarra -- III. Cataluña-Aragón -- IV. Reino de León -- V. Castiila la Vieja -- VI. Castilla la Nueva-Extremadura -- VII. Reinos de Valencia y Murcia -- VIII. Andalucía -- IX. Canarias, Baleares, Ceuta y Melilla -- T. II.: Total nacional
852 _aES-MaACL
_jA-9385-94
_bR.97546
999 _c68989
_d68989